Songs by Artist Click Quiz #8 - Statistics

General Stats
  • This quiz has been taken 234 times
  • The average score is 21 of 30
Answer Stats
Hint Answer % Correct
All I Want for Christmas Is You Mariah Carey
93%
(I Can't Get No) Satisfaction The Rolling Stones
89%
7 Rings Ariana Grande
87%
Thank U, Next Ariana Grande
87%
Jailhouse Rock Elvis Presley
87%
Can't Help Falling in Love Elvis Presley
83%
Paint It Black The Rolling Stones
83%
I Still Haven't Found What I'm Looking For U2
80%
Sunday Bloody Sunday U2
79%
With or Without You U2
78%
Heartbreak Hotel Elvis Presley
76%
Sympathy for the Devil The Rolling Stones
76%
Knockin' on Heaven's Door Bob Dylan
75%
Blowin' in the Wind Bob Dylan
75%
Mr. Tambourine Man Bob Dylan
75%
Love Me Tender Elvis Presley
75%
Beautiful Day U2
74%
God Is a Woman Ariana Grande
67%
All Along the Watchtower Bob Dylan
67%
No Tears Left to Cry Ariana Grande
66%
Angie The Rolling Stones
65%
Like a Rolling Stone Bob Dylan
64%
One U2
64%
We Belong Together Mariah Carey
63%
Side to Side Ariana Grande
62%
Gimme Shelter The Rolling Stones
60%
Don't Be Cruel Elvis Presley
58%
Vision of Love Mariah Carey
52%
Hero Mariah Carey
50%
One Sweet Day Mariah Carey
28%
No matching quizzes found
Score Distribution
Percent of People with Each Score
Percentile by Number Answered
Your Score History
You have not taken this quiz